| 000 | 00776nam a2200181Ia 4500 | ||
|---|---|---|---|
| 008 | 090124s9999 xx 000 0 und d | ||
| 082 |
_b24101 _a6652 |
||
| 100 | _aचोरघडे वामन | ||
| 245 | _a साद (कथासंग्रह) 1982 पर्यंत लिहिलेल्या नव्या कथा | ||
| 250 | _a1 | ||
| 260 | _c1984 | ||
| 300 | _a104 | ||
| 600 | _aचोरघडे वामन | ||
| 630 | _a साद (कथासंग्रह) 1982 पर्यंत लिहिलेल्या नव्या कथा | ||
| 700 | _aचोरघडे वामन | ||
| 730 | _a साद (कथासंग्रह) 1982 पर्यंत लिहिलेल्या नव्या कथा | ||
| 942 | _cBOOK | ||
| 999 |
_c137675 _d137675 |
||